000 01336nam a2200229Ia 4500
001 10278
003 GE_BSU
008 181216s||||||||xx |||||||||||||| ||und||
040 _cGE_BSU
080 _a821.353.1+821.353.1.09+821.355.1-94+821.353.1-6+821.353.1-32
100 _aტაბიძე,გალაქტიონ
245 _aთხზულებანი თორმეტ ტომად. ტ.12.წერილები.სიტყვები,მოგონებები,დღიურები,ჩანაწერები
245 _bპირადი წერილები,პოემების პროზაული ტექსტები
245 _cსარედ.კოლ.გ.გვერდწითელი და სხვ.ტექსტი მოამზადეს ლუბა მეფარიშვილმა და სხვა.რედ.მ.წიკლაური.მხატვ.ლ.გრიგოლია
260 _aთბილისი
260 _bსაბჭოთა საქართველო
260 _c1966
300 _a806გვ.21სმ.
653 _aთხზულებანი
653 _aპირადი წერილები,პოემების პროზაული ტექსტრები
942 _cBK
999 _c43547
_d43547